| 000 | 00463nam a2200133 a 4500 | ||
|---|---|---|---|
| 001 | 000037939 | ||
| 005 | 20201002031135.0 | ||
| 008 | 130311s2006 dr 000 0 spa d | ||
| 040 |
_aDO-SdBNP _bspa _cBNPHU |
||
| 245 | 0 | 0 | _aHistoria de grandes pequeños. |
| 260 |
_aSanto Domingo : _bCampaña de Promoción y Desarrollo de la Literatura Infantil y Juvenil de la República Dominicana, _c2006. |
||
| 300 |
_av. ; _c22 cm. |
||
| 500 | _aLa biblioteca posee el el tomo II | ||
| 999 |
_c37429 _d37429 |
||